000 00727nam a2200217 i 4500
001 39056
003 ES-MaACL
005 20231213062937.0
007 t|
008 030227s1975 sp ||||1| spa d
100 1 _aCampoy, A. M.,
_d1924-1993
_934292
245 1 0 _aCristino de la Vera
_b: vida y obra /
_cpor Antonio Manuel Campoy.
260 _aMadrid :
_bIbérico Europea de Ediciones,
_c[1975]
300 _a327 p., 29 lám. :
_bil. ;
_c32 cm.
490 1 _aArte contemporáneo español ;
_v14
600 0 4 _aVera, Cristino de.
_9113940
830 0 _aArte contemporáneo español ;
_v14
_9182302
852 _aES-MaACL
_jA-5858
_bR.94699
852 _aES-MaACL
_jA-5859
_bR.94924
999 _c39056
_d39056